First Lessons in Physical Geography (Record no. 37962)
[ view plain ]
| 000 -LEADER | |
|---|---|
| fixed length control field | 003370000a22001450004500 |
| 003 - CONTROL NUMBER IDENTIFIER | |
| control field | MACL |
| 040 ## - CATALOGING SOURCE | |
| Original cataloging agency | MACL |
| 090 ## - LOCALLY ASSIGNED LC-TYPE CALL NUMBER (OCLC); LOCAL CALL NUMBER (RLIN) | |
| -- | 38371 |
| -- | 38369 |
| 100 ## - MAIN ENTRY--PERSONAL NAME | |
| Personal name | Waters, G H C |
| 245 ## - TITLE STATEMENT | |
| Title | First Lessons in Physical Geography |
| 260 ## - PUBLICATION, DISTRIBUTION, ETC. (IMPRINT) | |
| Name of publisher, distributor, etc. | Longman's Green And Co |
| Date of publication, distribution, etc. | 1961 |
| 650 ## - SUBJECT ADDED ENTRY--TOPICAL TERM | |
| Topical term or geographic name as entry element | Travel |
| 942 ## - ADDED ENTRY ELEMENTS (KOHA) | |
| Koha item type | Library Membar |
| Call number prefix | 910.02/WAT |
| 951 ## - EQUIVALENCE OR CROSS-REFERENCE--GEOGRAPHIC NAME/AREA NAME [OBSOLETE] [CAN/MARC only] | |
| -- | 910.02/WAT BOOK |
No items available.









